000 00457nam a22001937a 4500
003 OSt
005 20170105103441.0
008 120425t xxu||||| |||| 00| 0 eng d
020 _a0632046767
040 _cASAB
050 _a611.018 , SUR
100 _aStefan Surzycki
_9137
243 _aLaboratory Manual
245 _a Human Molecular Biology
300 _a229
440 _aHuman Molecular Biology
_9138
650 _aBiology
_9139
942 _2lcc
_cBK
999 _c16470
_d16470